S holdingom na komerčný front Katom zbrojárskej výroby bola konverzia
Dôsledky konverzie zbrojárskej výroby na Slovensku. Pokles výroby, strata a zníženie počtu pracovných miest. Vytvorenie štátnej holdingovej spoločnosti DMD, ktorú bude tvoriť 11 štátnych podnikov. História zbrojárskeho priemyslu na Slovensku. Objem zbrojárskej výroby v bývalom Československu, podiel...
Gespeichert in:
| 1. Verfasser: | |
|---|---|
| Format: | Buchkapitel |
| Sprache: | Slowakisch |
| Schlagworte: | |
| Tags: |
Keine Tags, Fügen Sie das erste Tag hinzu!
|
MARC
| LEADER | 00000naa a2200000 4500 | ||
|---|---|---|---|
| 001 | r018311 | ||
| 005 | 20221213100558.2 | ||
| 041 | 0 | |a slo | |
| 044 | |a SK | ||
| 245 | 1 | 0 | |a S holdingom na komerčný front |b Katom zbrojárskej výroby bola konverzia |c I. Seifertová |
| 520 | |a Dôsledky konverzie zbrojárskej výroby na Slovensku. Pokles výroby, strata a zníženie počtu pracovných miest. Vytvorenie štátnej holdingovej spoločnosti DMD, ktorú bude tvoriť 11 štátnych podnikov. História zbrojárskeho priemyslu na Slovensku. Objem zbrojárskej výroby v bývalom Československu, podiel Slovenska na tomto objeme. | ||
| 610 | 2 | 0 | |a priemysel zbrojársky |
| 610 | 2 | 0 | |a konverzia priemyslu |
| 610 | 2 | 0 | |a Slovensko |
| 610 | 2 | 0 | |a objem výroby |
| 610 | 2 | 0 | |a ČSFR |
| 610 | 2 | 0 | |a vývoz |
| 610 | 2 | 0 | |a spoločnosti holdingové |
| 100 | 1 | |a Seifertová, Iveta | |